000 00779nam a2200265Ia 4500
005 20250425161925.0
008 250425s9999 xx 000 0 und d
020 _a9275320810
041 _aspa
082 _a614.07
100 _aRODRIGUEZ, JORGE ED
245 0 _aSALUD INTERNACIONAL: UN DEBATE NORTE-SUR
250 _aS.E.
260 _aEstados Unidos
_bORGANIZACION PANAMERICANA DE LA SALUD
_c1992
260 _aWASHINGTON
_bORGANIZACION PANAMERICANA DE LA SALUD
300 _a262
500 _aSERIE DE DESARROLLO DE ERCURSOS HUMANOS No.95
650 _aDESARROLLO DE SALUD
650 _aEDUCACION PARA LA SALUD
650 _aSALUD PUBLICA
650 _aTECNICAS DE SALUD
710 _aORGANIZACION PANAMERICANA DE SALUD
942 _c01
010 _a35130
999 _c218960
_d218960